000 00490cam a22001934a 4500
005 20250605164151.0
008 250528s ||||||||||||||||||||||||d
035 _a19383
020 _a9602860065
040 _aGR-AtMCL
_bgre
_dGR-AtMCL
_eAACR2
245 1 _aΟΡΓΑΝΩΣΗ ΚΑΙ ΔΙΟΙΚΗΣΗ ΤΟΜΟΣ Α
250 _a3
260 _bΊων,
_c1991
300 _a256
700 1 _aΖαβλανος Μ. Μυρων
_95632
942 _cBK
999 _c4639
_d4639